Danh mục ngành, chuyên ngành tuyển sinh 2009
Gíơi thiệu các ngành đào tạo, mục tiêu đào tạo, triển vọng nghề nghiệp các yêu cầu thi tuyển vào của Trường Đại học Cần Thơ năm 2009
Na minha lista:
| Nhiều tác giả của công ty: | , |
|---|---|
| Formato: | Livro |
| Idioma: | Undetermined |
| Publicado em: |
Cần Thơ
Trường Đại học Cần Thơ
2009
|
| Assuntos: | |
| Tags: |
Adicionar Tag
Sem tags, seja o primeiro a adicionar uma tag!
|
| Thư viện lưu trữ: | Trung tâm Học liệu Trường Đại học Cần Thơ |
|---|
| LEADER | 00974nam a2200217Ia 4500 | ||
|---|---|---|---|
| 001 | CTU_141946 | ||
| 008 | 210402s9999 xx 000 0 und d | ||
| 082 | |a 371.4 | ||
| 082 | |b B450/2009 | ||
| 110 | |a Bộ Giáo dục và Đào tạo | ||
| 110 | |b Trường Đại học Cần Thơ | ||
| 245 | 0 | |a Danh mục ngành, chuyên ngành tuyển sinh 2009 | |
| 245 | 0 | |c Trường Đại học Cần Thơ | |
| 260 | |a Cần Thơ | ||
| 260 | |b Trường Đại học Cần Thơ | ||
| 260 | |c 2009 | ||
| 520 | |a Gíơi thiệu các ngành đào tạo, mục tiêu đào tạo, triển vọng nghề nghiệp các yêu cầu thi tuyển vào của Trường Đại học Cần Thơ năm 2009 | ||
| 650 | |a Education,Giáo dục | ||
| 650 | |x Student guidance and counseling,Hướng dẫn và tư vấn học sinh, sinh viên | ||
| 904 | |i Năm | ||
| 980 | |a Trung tâm Học liệu Trường Đại học Cần Thơ | ||